00575nam a22001577a 450000500170000001000130001702000150003003500130004503700130005808200130007110000150008424501760009926000530027527000480032830000410037620180622124133.0 aA-903472 a8187224061 aA-903472 bBPPD/PUB a658.0021 aSharma K.K aStatistics in Management Studies cby K.K.Sharma b(For M.B.A, PGDBA, PGDBM, B.B.A, B.B.M of various Indian Universities and Institutions Also for C.A. Foundation Course) aMeerut bKrishna prakashan Media (P) Ltd. c1999 aPrabhat Offset Printers ( P) Ltd. bMeerut  aviii, 648p. c24cm (Hb )bIll.(Map)